| 000 | 00356nam a2200133Ia 4500 | ||
|---|---|---|---|
| 008 | 170516s9999 xx 000 0 und d | ||
| 245 | _aFirst-in-human uPAR PET: Imaging of Cancer Aggressiveness | ||
| 260 | _bTheranostics | ||
| 260 | _c2015 | ||
| 300 | _a5:12 | ||
| 650 | _xMedical Technology | ||
| 650 | _xMedtech | ||
| 856 | _uhttp://www.thno.org/v5i12 | ||
| 999 |
_c330266 _d330266 |
||